000 00304nam a2200121Ia 4500
008 190216s9999||||xx |||||||||||||| ||und||
100 _aSastry S S
245 0 _aIntroductory Methods Of Numerical Analysis
260 _bPrentice Hall India
_c1977
300 _a200p
650 _aMathematics
942 _cBK
999 _c30861
_d30861